Dias da semana em inglês - Statistics

Estatísticas Gerais
  • Esse quiz foi jogado 163 vezes
  • A pontuação média é 6 de 7
Estatísticas das Respostas
Das da semana % Correto
Monday
95%
Sunday
93%
Friday
92%
Saturday
88%
Wednesday
81%
Tuesday
79%
Thursday
75%
Nenhum quiz correspondente encontrado
Distribuição das Pontuações
Porcentagem de Pessoas com Cada Pontuação
Percentil de Números Respondidos
Sua Pontuação Histórica
Você não jogou esse quiz